Welcome to WEB OPAC of MRSPTU Central Library

Beyond Life! Beyond Death! (Record no. 3819)

MARC details
000 -LEADER
fixed length control field 00363nam a2200157Ia 4500
008 - FIXED-LENGTH DATA ELEMENTS--GENERAL INFORMATION
fixed length control field 230711s9999||||xx |||||||||||||| ||und||
041 ## - LANGUAGE CODE
Language code of text/sound track or separate title ENG
082 ## - DEWEY DECIMAL CLASSIFICATION NUMBER
Classification number 667
Item number KO-T
100 ## - MAIN ENTRY--PERSONAL NAME
Personal name Anand,J.S
245 #0 - TITLE STATEMENT
Title Beyond Life! Beyond Death!
250 ## - EDITION STATEMENT
Edition statement 1st . Ed.
260 ## - PUBLICATION, DISTRIBUTION, ETC.
Date of publication, distribution, etc. 1999
Place of publication, distribution, etc. New Delhi
Name of publisher, distributor, etc. IAFL Publications
300 ## - PHYSICAL DESCRIPTION
Extent 72
650 ## - SUBJECT ADDED ENTRY--TOPICAL TERM
Topical term or geographic name entry element Literature
942 ## - ADDED ENTRY ELEMENTS (KOHA)
Koha item type Book
Holdings
Withdrawn status Lost status Damaged status Not for loan Collection Home library Current library Date acquired Total checkouts Full call number Barcode Date last seen Price effective from Koha item type Date last checked out Date due
          MRSPTU Central Library MRSPTU Central Library     667 KO-T 12928 08/17/2023 08/17/2023 Book    
          MRSPTU Central Library MRSPTU Central Library   3 667 KO-T 12929 04/02/2025 08/17/2023 Book 04/01/2025  
          MRSPTU Central Library MRSPTU Central Library   1 667 KO-T 12930 04/10/2024 08/17/2023 Book 03/21/2024  
          MRSPTU Central Library MRSPTU Central Library   4 667 KO-T 12931 03/18/2026 08/17/2023 Book 03/18/2026 04/08/2026

Website Designed and Developed by MRSPTU Central Library Team

E-mail Id: librarian@mrsptu.ac.in